| 000 | 00643nam a2200265Ia 4500 | ||
|---|---|---|---|
| 008 | 160803s9999 xx 000 0 und d | ||
| 020 | _a9780439871754 | ||
| 100 | _aWild, Kate | ||
| 245 | _aFight game / | ||
| 245 | _cKate Wild. | ||
| 250 | _aFirst American edition. | ||
| 260 | _aNew York : | ||
| 260 | _bScholastic Inc. | ||
| 260 | _c2007 | ||
| 300 | _a279 pages ; | ||
| 300 | _c22 cm | ||
| 650 | _aGenetic engineering -- | ||
| 650 | _aHand-to-hand fighting -- | ||
| 650 | _aSpy stories. | ||
| 650 | _aUndercover operations -- | ||
| 650 | _xFiction. | ||
| 650 | _xFiction. | ||
| 650 | _xFiction. | ||
| 700 | _a760 | ||
| 999 |
_c299912 _d299912 |
||